000 00222 a2200097 4500
001 34902
100 _aSitaram
245 _aMicrowave Technology & application
260 _aND
_bTata McGraw-Hill
_c
090 _c23090
_d23090
942 _aNUST-CAE
_cM
_c14548
999 _c269975
_d269975